000 00336nam a2200145Ia 4500
008 230719s9999 xx 000 0 und d
041 _aeng
082 _a390
_bCOL
100 _aCollins J C
245 _aBuilt To Last
260 _c1994
_bCollins
300 _a342
365 _cRs.
_b245.00
700 _aCollins J C & Porras
_9186870
999 _c354452
_d354452